[Event "Pavlodar Open 2019"]
[Site "Pavlodar"]
[Date "2019.11.25"]
[Round "6.5"]
[White "Makhnev, Denis"]
[Black "Serikbay, Assel"]
[Result "1-0"]
[WhiteElo "2476"]
[BlackElo "2260"]
[Annotator "TA"]
[PlyCount "133"]
[EventDate "2019.11.25"]
[EventType "swiss"]
[EventCountry "KAZ"]
[SourceTitle "playchess.com"]
[Source "ChessBase"]
[SourceQuality "1"]

{[%evp 10,133,11,11,9,8,5,8,0,9,4,0,9,9,9,10,18,12,5,0,23,0,0,0,0,-23,-6,-12,40,40,36,31,31,32,47,32,41,49,41,43,45,32,59,63,73,30,108,108,108,108,111,109,120,116,115,108,129,124,154,116,125,122,127,125,129,132,135,128,132,127,147,143,138,145,144,120,152,95,93,35,113,98,90,69,125,52,80,71,102,89,132,137,195,175,212,192,251,241,297,275,272,241,390,390,383,377,363,366,442,454,431,434,579,571,547,524,472,472,482,475,1869,1792,4702,4303,29962,6162]} 1. d4 d5 2. c4 c6 3. Nf3 Nf6 4. Qb3 dxc4 5. Qxc4 Bg4 6. Nbd2 Nbd7 {D23: Queen's Gambit Accepted: 3 Nf3 Nf6 sidelines} 7. g3 e6 8. Bg2 Be7 {The position is equal.} 9. O-O O-O 10. Qb3 Qb6 11. Nc4 Qa6 12. Bd2 Nb6 13. Rfc1 Nxc4 14. Rxc4 {[#]} Bf5 $146 15. Bb4 Bxb4 16. Rxb4 Nd5 17. Rc4 Nb6 18. Rc5 Qa4 ({Black should play} 18... Qxe2 $11 19. Bf1 Qe4) 19. Qxa4 $14 Nxa4 20. Rc4 Nb6 21. Rb4 Be4 22. a4 {[%cal Ba2a4,Ba4a5][%mdl 32]} Rab8 23. Ne5 Bxg2 24. Kxg2 Rfd8 25. a5 Nd7 26. Nd3 Nf6 27. Rc4 Nd5 {[#]} (27... a6 $11 {keeps the balance.}) 28. a6 $1 $16 Nb6 {[#]} 29. Rb4 $1 bxa6 30. Rxa6 Rb7 31. e3 Rc7 32. Rb3 Nd5 33. Nc5 Ne7 34. Kf3 h6 35. g4 Kh7 36. Ra5 Ra8 37. h4 g6 38. Nd3 Kg7 39. Ke2 Nd5 40. f3 Ne7 41. Kd2 Nc8 42. Rc5 Ne7 43. Ne5 (43. e4 $142) 43... Rd8 44. Nc4 ({White should try} 44. Ra3 $16) 44... Nd5 (44... h5 $14) 45. Na5 Ne7 46. Kd3 f6 (46... h5 $1 $14) 47. Kc2 (47. Rbc3 $16) 47... Rdc8 48. e4 Rd8 49. Rb4 f5 50. Rbc4 fxe4 (50... Kf7 $16 51. Kd3 Rdc8) 51. fxe4 $18 Rdc8 52. Re5 Kf7 (52... Rf8 $142 53. Rxe6 Rf4) 53. Rc3 Rd8 54. Rf3+ Kg7 55. Nb3 ({Don't take} 55. Rxe6 $6 Rxd4 56. b3 c5 $18) 55... Rf8 (55... c5 $142) 56. Rxf8 Kxf8 {[%mdl 4096] Endgame KRN-KRN} 57. Nc5 Kf7 58. Rxe6 Nc8 59. h5 Ne7 60. e5 Kg7 61. Rf6 {And now Ne6+ would win.} Rc8 62. Ne6+ Kg8 63. hxg6 {g7 is the strong threat.} Nd5 64. Rf7 Ne3+ (64... Re8 $142 65. Nc5 a5) 65. Kd3 Nxg4 66. Nf4 c5 67. Nd5 {Accuracy: White = 74%, Black = 38%.} 1-0

[Event "Pavlodar Open 2019"]
[Site "Pavlodar"]
[Date "2019.11.25"]
[Round "6.6"]
[White "Serikbay, Chingiz"]
[Black "Malakhatko, Vadim"]
[Result "1-0"]
[WhiteElo "2345"]
[BlackElo "2469"]
[Annotator "RC"]
[PlyCount "81"]
[EventDate "2019.11.25"]
[EventType "swiss"]
[EventCountry "KAZ"]
[SourceTitle "playchess.com"]
[Source "ChessBase"]
[SourceQuality "1"]
[TimeControl "5400+30"]

1. d4 {[%emt 0:00:00]} g6 {[%emt 0:00:00]} 2. Nf3 {[%emt 0:00:35]} Bg7 {[%emt 0:00:00]} 3. Bf4 {[%emt 0:00:06]} d6 {[%emt 0:00:21]} 4. e3 {[%emt 0:00:07]} Nd7 {[%emt 0:00:17]} 5. h3 {[%emt 0:00:06]} e5 {[%emt 0:00:12]} 6. Bh2 {[%emt 0:00:09]} Nh6 {[%emt 0:00:08]} 7. Be2 {[%emt 0:03:40]} O-O {[%emt 0:00:09]} 8. O-O {[%emt 0:00:22]} Qe7 {[%emt 0:03:47]} 9. c4 {[%emt 0:00:49]} f5 {[%emt 0:00:17]} 10. Nc3 {[%emt 0:02:00]} c6 {[%emt 0:00:08]} 11. Rc1 {[%emt 0:19:26]} Nf7 {[%emt 0:00:59]} 12. b4 {[%emt 0:01:52]} g5 {[%emt 0:01:22]} 13. c5 {[%emt 0:04:15]} d5 {[%emt 0:20:20]} 14. dxe5 {[%emt 0:02:47]} Ndxe5 {[%emt 0:00:07]} 15. Nd4 {[%emt 0:04:44]} Bd7 {[%emt 0:03:03]} 16. b5 {[%emt 0:08:09]} Qf6 {[%emt 0:05:05]} 17. a4 {[%emt 0:09:44]} f4 {[%emt 0:00:45]} 18. a5 {[%emt 0:04:53]} a6 {[%emt 0:03:35]} 19. bxa6 {[%emt 0:00:33]} bxa6 {[%emt 0:00:05]} 20. Na4 {[%emt 0:09:38]} Ra7 {[%emt 0:00:09]} 21. Nb6 {[%emt 0:00:16]} Nh6 {[%emt 0:00:57]} 22. Nxd7 {[%emt 0:01:02]} Rxd7 {[%emt 0:03:30]} 23. Rb1 {[%emt 0:01:46]} Nf5 {[%emt 0:01:31]} 24. Nxf5 {[%emt 0:03:42]} Qxf5 {[%emt 0:00:06]} 25. Rb4 {[%emt 0:02:36]} fxe3 {[%emt 0:03:19]} 26. fxe3 {[%emt 0:03:36]} Qe6 {[%emt 0:00:05]} 27. Rxf8+ {[%emt 0:01:51]} Bxf8 {[%emt 0:00:07]} 28. Qd4 {[%emt 0:01:16]} Re7 {[%emt 0:04:25]} 29. Bxa6 {[%emt 0:00:55]} Nd7 {[%emt 0:02:38]} 30. Bc8 {[%emt 0:02:43]} Re8 {[%emt 0:04:54]} 31. Bxd7 Qxd7 {[%emt 0:00:05]} 32. Rb8 {[%emt 0:05:36]} Rxb8 {[%emt 0:04:23]} 33. Bxb8 {[%emt 0:00:00]} Qd8 {[%emt 0:00:08]} 34. Bd6 {[%emt 0:01:32]} Qxa5 {[%emt 0:02:15]} 35. Bxf8 {[%emt 0:00:01]} Kxf8 {[%emt 0:00:11]} 36. Qf6+ {[%emt 0:00:42]} Kg8 {[%emt 0:00:07]} 37. Qxg5+ {[%emt 0:01:09]} Kf7 {[%emt 0:00:07]} 38. Qf5+ {[%emt 0:00:08]} Kg8 {[%emt 0:00:25]} 39. Qc8+ {[%emt 0:00:48]} Kg7 {[%emt 0:00:06]} 40. Qd7+ {[%emt 0:00:12]} Kh8 {[%emt 0:00:41]} 41. Qxc6 {[%emt 0:01:22]} 1-0

[Event "Pavlodar Open 2019"]
[Site "Pavlodar"]
[Date "2019.11.25"]
[Round "6.7"]
[White "Suleymenov, Alisher"]
[Black "Faizrakhmanov, Ramil"]
[Result "0-1"]
[WhiteElo "2373"]
[BlackElo "2434"]
[Annotator "NA"]
[PlyCount "86"]
[EventDate "2019.11.25"]
[EventType "swiss"]
[EventCountry "KAZ"]
[SourceTitle "playchess.com"]
[Source "ChessBase"]
[SourceQuality "1"]
[TimeControl "5400+30"]

1. d4 {[%emt 0:00:00]} Nf6 {[%emt 0:00:00]} 2. c4 {[%emt 0:00:00]} e6 {[%emt 0:00:00]} 3. Nf3 {[%emt 0:00:00]} b6 {[%emt 0:00:27]} 4. a3 {[%emt 0:00:00]} Ba6 {[%emt 0:00:48]} 5. Qc2 {[%emt 0:00:00]} Bb7 {[%emt 0:00:25]} 6. Nc3 {[%emt 0:00:07]} c5 {[%emt 0:00:26]} 7. e4 {[%emt 0:00:07]} cxd4 {[%emt 0:00:13]} 8. Nxd4 {[%emt 0:00:05]} Bc5 {[%emt 0:00:34]} 9. Nf3 {[%emt 0:00:05]} Nc6 {[%emt 0:04:57]} 10. b4 {[%emt 0:00:17]} Nd4 {[%emt 0:02:08]} 11. Qd2 {[%emt 0:00:06]} Nxf3+ {[%emt 0:09:00]} 12. gxf3 {[%emt 0:00:51]} Be7 {[%emt 0:00:10]} 13. Bb2 {[%emt 0:00:09]} d6 {[%emt 0:01:41]} 14. Rg1 {[%emt 0:00:44]} O-O {[%emt 0:01:28]} 15. O-O-O {[%emt 0:00:21]} e5 {[%emt 0:01:43]} 16. f4 {[%emt 0:21:51]} Nxe4 {[%emt 0:05:54]} 17. Nxe4 {[%emt 0:01:38]} Bxe4 {[%emt 0:00:09]} 18. fxe5 {[%emt 0:04:04]} d5 {[%emt 0:07:43]} 19. f3 {[%emt 0:15:07]} Bg6 {[%emt 0:01:43]} 20. cxd5 {[%emt 0:05:16]} a5 {[%emt 0:03:47]} 21. d6 {[%emt 0:06:32]} axb4 {[%emt 0:02:48]} 22. Rxg6 {[%emt 0:14:24]} bxa3 {[%emt 0:02:16]} 23. dxe7 {[%emt 0:08:41]} axb2+ {[%emt 0:00:14]} 24. Kxb2 {[%emt 0:13:08]} Qxe7 {[%emt 0:00:08]} 25. Qd6 {[%emt 0:04:19]} Qh4 {[%emt 0:01:11]} 26. Rg4 {[%emt 0:00:52]} Qf2+ {[%emt 0:00:18]} 27. Qd2 {[%emt 0:01:21]} Qxf3 {[%emt 0:00:29]} 28. Rg3 {[%emt 0:00:39]} Qf5 {[%emt 0:00:35]} 29. Bc4 {[%emt 0:02:40]} Ra4 {[%emt 0:06:59]} 30. Bb3 {[%emt 0:00:51]} Rf4 {[%emt 0:00:08]} 31. Re3 {[%emt 0:00:32]} Kh8 {[%emt 0:09:37]} 32. Qd3 {[%emt 0:00:33]} Qg5 {[%emt 0:01:11]} 33. Rd2 {[%emt 0:00:26]} h5 {[%emt 0:03:03]} 34. Bc2 {[%emt 0:00:32]} g6 {[%emt 0:00:35]} 35. Qc3 {[%emt 0:00:33]} Kh7 {[%emt 0:01:19]} 36. Rg3 {[%emt 0:00:17]} Qe7 {[%emt 0:00:51]} 37. Re2 {[%emt 0:00:48]} Qd7 {[%emt 0:00:53]} 38. Bb3 {[%emt 0:00:28]} Rc8 {[%emt 0:00:38]} 39. Qe3 {[%emt 0:00:29]} Rb4 {[%emt 0:01:55]} 40. Rf3 {[%emt 0:00:30]} Rc7 {[%emt 0:01:11]} 41. Ref2 {[%emt 0:00:26]} Qd5 {[%emt 0:02:20]} 42. Rd2 {[%emt 0:00:31]} Rxb3+ {[%emt 0:00:10]} 43. Qxb3 {[%emt 0:00:31]} Qxd2+ {[%emt 0:00:04]} 0-1

[Event "Pavlodar Open 2019"]
[Site "Pavlodar"]
[Date "2019.11.26"]
[Round "7.1"]
[White "Korneev, Oleg"]
[Black "Khegay, Dmitriy"]
[Result "1/2-1/2"]
[WhiteElo "2530"]
[BlackElo "2504"]
[Annotator "TA"]
[PlyCount "33"]
[EventDate "2019.11.25"]
[EventType "swiss"]
[EventCountry "KAZ"]
[SourceTitle "playchess.com"]
[Source "ChessBase"]
[SourceQuality "1"]

{[%evp 12,33,36,17,16,12,28,19,25,27,36,8,18,17,68,27,50,45,45,62,46,32,60,60]} 1. e4 e6 2. d4 d5 3. Nd2 c5 4. exd5 exd5 5. Ngf3 Nc6 6. Bb5 cxd4 7. Nxd4 Qe7+ {C09: French Tarrasch: 3...c5 4 exd5 exd5 5 Ngf3 Nc6} 8. Qe2 Qxe2+ 9. Nxe2 Bd6 $146 {The position is equal.} ({Predecessor:} 9... a6 10. Ba4 Nf6 11. O-O Bd6 12. Nd4 Bd7 13. Re1+ Kd8 14. Nxc6+ Bxc6 15. Bb3 {½-½ (61) Korneev,O (2608)-Del Rio de Angelis,S (2534) Navalmoral 2011}) 10. Nb3 a6 11. Bxc6+ (11. Bf4 {seems wilder.} Kd7 12. Bd3 Nf6 13. O-O-O Re8 14. f3) 11... bxc6 12. Bf4 Be7 (12... Kd7 $11) 13. O-O-O Be6 14. Rhe1 {White is slightly better.} Nf6 15. Ned4 Kd7 16. Nf3 {Ne5+ is the strong threat.} Rhc8 17. Nbd4 1/2-1/2

[Event "Pavlodar Open 2019"]
[Site "Pavlodar"]
[Date "2019.11.26"]
[Round "7.2"]
[White "Tiviakov, Sergei"]
[Black "Urazayev, Arystanbek"]
[Result "1/2-1/2"]
[WhiteElo "2613"]
[BlackElo "2433"]
[Annotator "TA"]
[PlyCount "34"]
[EventDate "2019.11.25"]
[EventType "swiss"]
[EventCountry "KAZ"]
[SourceTitle "playchess.com"]
[Source "ChessBase"]
[SourceQuality "1"]

{[%evp 17,34,0,0,2,6,0,21,-3,0,0,0,0,0,0,0,0,0,0,0]} 1. e4 c6 2. d4 d5 3. Nd2 {[%cal Bb1d2,Bd2e4,Be4g3][%mdl 32]} dxe4 4. Nxe4 Bf5 5. Ng3 Bg6 6. Nh3 Nf6 7. Bc4 e6 8. Nf4 Bd6 9. Bb3 Qc7 {The position is equal.} 10. Qf3 {B18: Classical Caro-Kann: 4...Bf5 sidelines} Nbd7 11. O-O (11. h4 e5 12. Nxg6 hxg6 13. Bg5 exd4 14. O-O-O O-O-O 15. Rxd4 Be5 16. Rdd1 Nc5 17. Bc4 b5 18. Bxb5 cxb5 19. Qa8+ Qb8 20. Qc6+ Qc7 21. Qa8+ {½-½ (21) Fedorchuk,S (2624)-Postny,E (2611) Sibenik 2016}) 11... O-O-O 12. c3 e5 13. Nxg6 fxg6 14. d5 $146 ({Predecessor:} 14. Be3 e4 15. Qe2 h5 16. Rfe1 Ng4 17. Be6 Nxh2 18. Nxe4 {1-0 (35) Zeliantsova,K (1994)-Afonasieva,A (2312) Mumbai 2019}) 14... cxd5 15. Bxd5 e4 16. Bxe4 Rhe8 17. Bc2 $1 Ne5 1/2-1/2

[Event "Pavlodar Open 2019"]
[Site "Pavlodar"]
[Date "2019.11.26"]
[Round "7.3"]
[White "Faizrakhmanov, Ramil"]
[Black "Yudin, Sergei"]
[Result "1/2-1/2"]
[WhiteElo "2434"]
[BlackElo "2497"]
[Annotator "TA"]
[PlyCount "81"]
[EventDate "2019.11.25"]
[EventType "swiss"]
[EventCountry "KAZ"]
[SourceTitle "playchess.com"]
[Source "ChessBase"]
[SourceQuality "1"]

{[%evp 11,81,16,28,0,2,0,0,0,-14,-17,16,8,16,14,9,16,15,8,19,0,19,0,12,0,0,0,0,0,0,0,0,0,0,0,8,8,6,0,10,16,22,0,21,0,0,0,0,0,0,0,0,0,0,0,0,0,0,0,0,0,0,0,0,0,0,0,0,0,0,0,0,0]} 1. d4 d5 2. c4 c6 3. Nf3 e6 4. e3 Nf6 5. Nc3 a6 6. c5 Nbd7 7. Bd2 {D45: Semi-Slav: 5 e3} (7. Qc2 Be7 8. Bd3 O-O 9. O-O Qc7 10. Na4 h6 11. b4 e5 12. Nxe5 Nxe5 13. dxe5 Qxe5 14. Bb2 Qc7 {1-0 (25) Le,Q (2737)-Eljanov,P (2711) Riadh 2017}) 7... g6 {The position is equal.} 8. b4 Bg7 9. Bd3 O-O 10. O-O Qc7 11. Ne2 $146 ({Predecessor:} 11. e4 dxe4 12. Nxe4 Nxe4 13. Bxe4 e5 14. d5 cxd5 15. Bxd5 {0-1 (39) Miton,K (2614)-Banusz,T (2621) Katowice 2016}) 11... e5 12. Nxe5 Nxe5 13. dxe5 Qxe5 14. Bc3 Qg5 15. Qc2 Bh3 {[%csl Gh3][%cal Rg5g2] [#]} 16. Nf4 Bd7 17. Bd4 Rfe8 18. a4 Ng4 {Threatens to win with ...Bxd4.} 19. Bxg7 Kxg7 20. Qc3+ Qe5 21. Rfc1 f6 22. Qd4 Bf5 23. Bxf5 Qxf5 24. h3 Ne5 25. b5 Nc4 26. Qc3 Qe5 {[#] And now ...Qxc3 would win.} 27. Ne2 (27. bxc6 {is interesting.} bxc6 28. Rab1 Rab8 29. Qd3 Kf7 30. Ne2) 27... Qxc3 28. Nxc3 axb5 29. axb5 Nd2 30. Ne2 Nb3 31. Rxa8 Rxa8 $11 {[%mdl 4096] Endgame KRN-KRN} 32. Rb1 Nd2 33. Rd1 Nb3 34. bxc6 bxc6 35. Nd4 Nxd4 36. exd4 {KR-KR} Ra4 37. Rb1 Rxd4 {White must now prevent ...Rc4.} 38. Rb6 Rd1+ 39. Kh2 Rc1 40. Rxc6 d4 41. Rd6 {Accuracy: White = 58%, Black = 70%.} 1/2-1/2

[Event "Pavlodar Open 2019"]
[Site "Pavlodar"]
[Date "2019.11.26"]
[Round "7.4"]
[White "Sisabayev, Kuanysh"]
[Black "Makhnev, Denis"]
[Result "0-1"]
[WhiteElo "2256"]
[BlackElo "2476"]
[Annotator "TA"]
[PlyCount "94"]
[EventDate "2019.11.25"]
[EventType "swiss"]
[EventCountry "KAZ"]
[SourceTitle "playchess.com"]
[Source "ChessBase"]
[SourceQuality "1"]

{[%evp 9,94,8,4,12,49,30,43,37,38,27,41,-7,-14,-22,0,-4,-10,-50,-27,-67,-29,-71,-70,-68,-58,-104,-68,-64,-41,-39,-49,-29,-33,-41,-37,-57,-24,-27,-34,-37,-26,-43,-35,-47,-48,-53,-28,-28,-28,-31,-28,-28,-28,-28,-32,-124,-141,-141,-191,-177,-172,-222,-176,-422,-387,-580,-564,-556,-507,-806,-857,-860,-814,-4550,-2636,-1858,-2549,-12833,-12830,-12837,-12837,-12839,-5701,-12844,-12844,-12845,-12845]} 1. c4 e5 2. g3 c6 3. d4 e4 4. d5 Nf6 5. Bg2 Bb4+ 6. Bd2 {A20: English Opening: 1...e5} Bxd2+ 7. Qxd2 cxd5 8. cxd5 {White is slightly better.} O-O 9. Nc3 $146 ({Predecessor:} 9. e3 d6 10. Ne2 Re8 {1-0 (57) Brunello,S (2553)-Piorun,K (2651) Katowice 2017}) 9... Re8 10. e3 d6 11. Nge2 Bf5 12. Nd4 Bg6 13. Rc1 Nbd7 {[%cal Bb8d7,Bd7e5,Be5f3][%mdl 32]} 14. O-O a6 15. b4 Ne5 16. a3 Qd7 17. h3 h5 18. Qa2 Nf3+ 19. Nxf3 exf3 20. Bxf3 Qxh3 21. Bg2 Qg4 22. Qe2 Qg5 23. Qf3 Rac8 24. Qf4 Qxf4 25. gxf4 Rc4 26. Rfd1 Rec8 $36 {[%mdl 2048] Black has the initiative.} 27. Ne2 Rxc1 28. Rxc1 Rxc1+ 29. Nxc1 Be4 30. Bxe4 Nxe4 $11 {[%mdl 4096] Endgame KN-KN} 31. Ne2 $1 g6 32. f3 ({Better is} 32. a4 $1 $15) 32... Nd2 $1 $17 33. Kf2 {[#]} Nc4 $1 34. a4 {[#]} Nb2 $1 35. e4 Nxa4 36. e5 $2 (36. Ke3 {was called for.}) 36... Kf8 37. exd6 (37. Kg3 {might work better.} Ke7 38. Kh4) 37... Nb6 $19 {Black is clearly winning.} 38. Nc3 Ke8 39. f5 (39. Ne4 $142 Nxd5 {[%mdl 64] Double Attack} 40. Nc5) 39... gxf5 40. Kg3 Kd7 41. b5 a5 42. Kh4 Kxd6 43. Kxh5 Nxd5 44. Na4 Ke5 45. Kg5 f4 (45... Kd4 $142 46. Kxf5 Nc3) 46. b6 Kd4 47. Kf5 Nc3 {Accuracy: White = 34%, Black = 69%.} 0-1

[Event "Pavlodar Open 2019"]
[Site "Pavlodar"]
[Date "2019.11.26"]
[Round "7.5"]
[White "Burmakin, Vladimir"]
[Black "Serikbay, Chingiz"]
[Result "1-0"]
[WhiteElo "2508"]
[BlackElo "2345"]
[Annotator "TA"]
[PlyCount "103"]
[EventDate "2019.11.25"]
[EventType "swiss"]
[EventCountry "KAZ"]
[SourceTitle "playchess.com"]
[Source "ChessBase"]
[SourceQuality "1"]

{[%evp 17,103,36,37,28,32,30,46,7,1,0,3,2,0,-18,18,0,24,18,19,0,14,-14,-14,-31,-11,-16,-9,-16,0,0,0,0,34,25,42,29,33,29,27,0,0,0,0,0,93,100,114,123,236,202,237,249,345,230,221,231,260,167,154,137,166,119,124,119,119,127,138,150,233,254,240,133,276,73,373,368,350,379,364,324,356,329,496,443,558,564,2228,2210]} 1. Nf3 d5 2. d4 Nf6 3. c4 c6 4. e3 Bf5 5. Nc3 e6 6. Nh4 Be4 7. f3 Bg6 8. Qb3 Qb6 9. Nxg6 hxg6 10. Bd2 {D12: Slav Defence: 3 Nf3 Nf6 4 e3 Bf5} Nbd7 11. O-O-O (11. g3 Be7 12. Kf2 g5 13. Kg2 Rd8 14. Qxb6 axb6 15. a4 O-O 16. cxd5 exd5 17. Bd3 g4 {1-0 (54) Ding,L (2812)-Mamedov,R (2701) Astana 2019}) 11... Bd6 12. cxd5 {White is slightly better.} Qxb3 13. axb3 exd5 14. h3 O-O-O 15. e4 Bb4 $146 ({Predecessor:} 15... dxe4 16. fxe4 Ng4 17. Bc4 Nf2 18. Bxf7 {½-½ (51) Khurtsidze,N (2446)-Stefanova,A (2473) Varna 2002}) 16. e5 Ne8 17. f4 Nc7 18. g4 c5 19. Ne2 (19. Nb5 $5 {[%cal Rb5d6]} Nxb5 20. Bxb5 $14) 19... Bxd2+ 20. Kxd2 Ne6 21. Ke3 g5 {aiming for ...cxd4+.} 22. f5 cxd4+ 23. Nxd4 Nc7 24. Nf3 Rhe8 25. Kd4 Nb8 26. Re1 Nc6+ 27. Kc3 Re7 28. Bd3 (28. h4 $5 {[%cal Rh4g5]}) 28... Rde8 29. f6 gxf6 $1 30. exf6 Re3 (30... Rxe1 $1 $11 31. Rxe1 Rxe1 32. Nxe1 Kd7) 31. Rxe3 $16 Rxe3 32. Nxg5 {And now Kd2 would win.} d4+ {[#]} (32... Ne8 $16 {is a better defense.}) 33. Kd2 $1 $18 Ne5 34. Bf5+ Kd8 35. Re1 Rxe1 36. Kxe1 {[%mdl 4096] Endgame KBN-KNN} Ke8 37. Kd2 Nd5 38. Ne4 Kf8 39. Bc8 Nf4 40. g5 Nf3+ 41. Kc2 Ne1+ 42. Kd1 Ned3 {[#]} (42... Nf3 $16 43. Kc1 (43. Bxb7 Nxh3 44. Nd6 Nhxg5 $14) 43... Kg8) 43. h4 $1 ({Don't play} 43. Bxb7 $6 Nxh3 44. Kc2 Nhf4 $16) 43... b6 44. Bb7 (44. Nd2 $18) 44... Ne5 (44... Nxb2+ $16 45. Kc2 Nbd3) 45. Kc2 $2 (45. Nd6 $18 {and White stays clearly on top.}) 45... a5 $2 {[%mdl 8192]} (45... Nf3 $16) 46. Nd2 d3+ 47. Kd1 Nd7 48. Ne4 Ne5 49. Kd2 Kg8 (49... Ke8 {was worth a try.} 50. Nd6+ Kd7) 50. Nf2 {White is clearly winning.} Nd7 51. Ke3 Ng2+ 52. Bxg2 {Accuracy: White = 62%, Black = 36%.} 1-0

[Event "Pavlodar Open 2019"]
[Site "Pavlodar"]
[Date "2019.11.26"]
[Round "7.6"]
[White "Vorobiov, Evgeny E."]
[Black "Obolenskikh, Dmitry"]
[Result "1/2-1/2"]
[WhiteElo "2554"]
[BlackElo "2542"]
[Annotator "TA"]
[PlyCount "107"]
[EventDate "2019.11.25"]
[EventType "swiss"]
[EventCountry "KAZ"]
[SourceTitle "playchess.com"]
[Source "ChessBase"]
[SourceQuality "1"]

{[%evp 20,107,17,9,8,0,8,0,0,8,0,0,4,9,14,0,15,0,0,0,2,0,0,0,30,8,17,6,18,8,10,11,19,3,16,0,21,14,21,10,22,16,18,13,28,1,10,8,16,10,16,11,11,12,12,8,46,39,37,38,45,49,43,33,52,54,77,75,96,95,100,102,101,108,102,105,109,94,673,169,145,42,47,43,43,36,45,35,16,17]} 1. d4 d5 2. c4 e6 3. Nf3 Nf6 4. g3 Bb4+ 5. Bd2 Be7 6. Bg2 O-O 7. O-O c6 ({Predecessor:} 7... Nbd7 8. Qc2 c6 9. Bf4 b6 10. Rd1 {0-1 (31) Lalith,B (2529)-Gajewski,G (2598) Stockholm 2019}) 8. Qc2 b6 9. Rd1 Bb7 10. Bf4 Nbd7 11. Ne5 Nh5 {E08: Closed Catalan: Main Line: 7 Qc2} 12. Bd2 Nhf6 13. cxd5 cxd5 14. Nc6 {[#]} Bxc6 $146 (14... Qe8 15. Nxe7+ Qxe7 16. Nc3 Rfc8 17. Qd3 a5 18. Rac1 h6 19. Be1 {½-½ (29) Grischuk,A (2766)-Anand,V (2764) Paris 2019}) 15. Qxc6 Rc8 16. Qb5 Ne8 17. Qd3 Nd6 18. Nc3 Nf6 19. b3 Qd7 20. f3 Nf5 21. e3 Rc7 22. Nb5 Rcc8 23. Rac1 a6 24. Rxc8 Rxc8 25. Nc3 b5 26. Ne2 Bf8 (26... Bd8 {feels hotter.} 27. Bh3 h5 28. Bb4 Be7 29. Be1 Bd8) 27. Rc1 (27. Ra1 {is interesting.} Ne7 28. a4 bxa4 29. Rxa4 Qc7 30. Bf1) 27... Ne7 28. Rxc8 Qxc8 29. Nc1 Nd7 30. Kf2 g6 31. Bf1 e5 32. Qc3 exd4 33. exd4 Nc6 34. Be3 Qb7 35. Nd3 {[%cal Bc1d3,Bd3f4,Bf4d5,Bd5f6][%mdl 32]} b4 36. Qd2 Bg7 37. Nf4 Nf8 {[%cal Bd7f8,Bf8e6,Be6d4][%mdl 32]} 38. Nxd5 Ne6 39. Bc4 Nexd4 40. Kg2 a5 41. Bg5 Qc8 42. Nf6+ Kh8 {[#]} 43. Ne4 $1 $36 {[%cal Re4d6][%mdl 2048] Threatens to win with Nd6. White is in control.} Qc7 44. Bf4 Be5 45. Bxe5+ Qxe5 {[#]} 46. Qh6 $1 {[%cal Rh6f8][%mdl 512]} Qg7 47. Qf4 f5 48. Ng5 {Nf7+ is the strong threat.} Nd8 $2 {[%mdl 8192]} (48... h6 $16) 49. Qb8 $2 (49. Qe3 {White threatens Qe8+ and mate.} N4e6 50. Nxe6 Nxe6 51. Qxe6) 49... N4c6 $18 50. Qc8 (50. Qd6 $16) 50... Qb7 $14 51. Qxb7 Nxb7 52. Bd5 Nbd8 53. Kf2 Nd4 54. Bc4 {Accuracy: White = 62%, Black = 50%.} 1/2-1/2

[Event "Pavlodar Open 2019"]
[Site "Pavlodar"]
[Date "2019.11.26"]
[Round "7.7"]
[White "Zhigalko, Andrey"]
[Black "Agmanov, Zhandos"]
[Result "1-0"]
[WhiteElo "2537"]
[BlackElo "2404"]
[Annotator "TA"]
[PlyCount "133"]
[EventDate "2019.11.25"]
[EventType "swiss"]
[EventCountry "KAZ"]
[SourceTitle "playchess.com"]
[Source "ChessBase"]
[SourceQuality "1"]

{[%evp 20,133,27,22,27,25,27,22,15,18,29,22,19,12,5,6,32,33,29,37,58,41,38,34,51,26,25,16,16,41,22,23,27,10,78,72,77,79,70,74,78,75,80,77,77,77,79,78,83,78,80,79,79,79,91,91,95,93,98,89,93,88,118,107,106,101,173,89,100,85,104,103,144,147,152,152,140,104,190,191,211,111,211,186,297,297,387,381,445,395,445,366,351,340,304,272,574,553,577,566,541,512,437,437,605,606,597,597,976,662,4622,4606,1615,82,1588,1539]} 1. e4 e5 2. Nf3 Nc6 3. Bb5 a6 4. Ba4 Nf6 5. O-O Be7 6. Re1 b5 7. Bb3 d6 8. c3 O-O 9. h3 Bb7 10. d4 Nd7 11. Nbd2 exd4 {C92: Closed Ruy Lopez: 9...Be6, Karpov and Flohr-Zaitsev Variations} 12. cxd4 Bf6 13. Nf1 Na5 {[%cal Bc6a5,Ba5c4,Bc4b2][%mdl 32] The position is equal.} 14. Bc2 Re8 15. Ng3 (15. Rb1 c5 16. d5 Nc4 17. N3h2 Nce5 18. Ng3 Ng6 19. Ng4 {0-1 (62) Yu,Y (2739)-Bu,X (2729) Hengshui 2019}) 15... g6 $1 16. Bh6 Nc4 17. a4 Nxb2 18. Qb1 Nc4 19. axb5 axb5 20. Qxb5 Ncb6 $146 ({Predecessor:} 20... Rxa1 21. Rxa1 {1-0 (71) Pichot,A (2564)-Sosa,T (2467) Villa Martelli 2018}) 21. Bf4 Rxa1 22. Rxa1 c5 23. Rd1 {And now dxc5 would win.} cxd4 24. Bxd6 Qc8 25. Bb3 $36 {[%mdl 2048] Black is under pressure.} Bxe4 26. Nxd4 Bb7 {[#]} (26... Ba8 $11) 27. Ndf5 $1 $16 Qc6 28. Qxc6 Bxc6 29. Nh6+ Kg7 30. Nxf7 Bd5 31. Bxd5 ({Much worse is} 31. Rxd5 Nxd5 32. Bxd5 Re1+ 33. Nf1 Nb6 $11) 31... Nxd5 32. Rxd5 Kxf7 33. Bb4 Nb8 34. f3 Nc6 35. Rd7+ Kg8 36. Bc5 Ne5 37. Rd5 Bg7 38. Ne4 Nc6 39. Rd7 Rd8 40. Rc7 Ne5 41. Bd6 Nf7 42. Be7 Ra8 (42... Bd4+ $16 {was necessary.} 43. Kf1 Ra8) 43. f4 (43. Bf6 $18 {Black must now prevent Bxg7.} Rf8 44. f4) 43... h6 44. Kf2 Bd4+ 45. Kf3 Rb8 46. Nf6+ Bxf6 47. Bxf6 {[%mdl 4096] Endgame KRB-KRN} Rb3+ 48. Ke2 Rb8 (48... Nd6 $16 49. Be5 Ne8) 49. g4 $18 Ra8 50. Kf2 (50. Rc6 $18) 50... Re8 (50... Nd6 $16) 51. Kf3 Kf8 (51... h5 {keeps fighting.} 52. Rc6 Kh7) 52. Rc6 Kg8 53. h4 Ra8 54. Bc3 Kh7 55. Rc7 Kg8 56. h5 gxh5 57. gxh5 Nd6 $2 (57... Ra3 {is a better chance.} 58. Kg4 Rb3 59. Rc8+ Kh7) 58. Kg4 Rc8 {[#]} 59. Rg7+ $1 Kf8 60. Be5 Rc1 {With the idea ...Rg1+.} 61. Rg6 Nf7 62. Bb2 Re1 63. Kf5 Rh1 64. Kf6 Rxh5 65. Ba3+ Ke8 66. Rg8+ Kd7 67. Rg7 {Accuracy: White = 78%, Black = 52%.} 1-0